Click the China Cities - Statistics

General Stats
  • This quiz has been taken 178 times
  • The average score is 13 of 15
Answers on the Grid
Answers color-coded by a green-red scale on the quiz's grid according to % correct below.
Wuhan
Tokyo
Osaka
Shanghai
Taipei
Hong Kong
Beijing
Xi'An
Manila
Seoul
Kunming
Macau
London
Hanoi
Shenzhen
Nanjing
Singapore
Athens
Yinchuan
Lanzhou
Pyongyang
Cairo
Dalian
Shenyang
Dhaka
New Delhi
Chongqing
Haikou
Wellington
Honolulu
 
Answer Stats
Answer % Correct
Beijing
90%
Xi'An
89%
Shanghai
88%
Wuhan
88%
Chongqing
87%
Nanjing
87%
Shenyang
87%
Shenzhen
86%
Hong Kong
84%
Macau
84%
Lanzhou
83%
Yinchuan
82%
Kunming
81%
Dalian
77%
Haikou
76%
No matching quizzes found
Score Distribution
Percent of People with Each Score
Percentile by Number Answered
Your Score History
You have not taken this quiz